Welcome to CU Library Online Public Access Catalogue (OPAC)

HARRAP PAPERBACK FRENCH DICTIONARY (Record no. 7244)

MARC details
000 -LEADER
fixed length control field 00387nam a22001337a 4500
005 - DATE AND TIME OF LATEST TRANSACTION
control field 20250808133218.0
008 - FIXED-LENGTH DATA ELEMENTS--GENERAL INFORMATION
fixed length control field 250808b |||||||| |||| 00| 0 eng d
020 ## - INTERNATIONAL STANDARD BOOK NUMBER
International Standard Book Number 9780245606755
050 ## - LIBRARY OF CONGRESS CALL NUMBER
Classification number PC 2640
Item number HAR
245 ## - TITLE STATEMENT
Title HARRAP PAPERBACK FRENCH DICTIONARY
Statement of responsibility, etc. ISABELLE ELKAIM Editor
260 ## - PUBLICATION, DISTRIBUTION, ETC.
Place of publication, distribution, etc. EDINBURGH
Name of publisher, distributor, etc. CHAMBERS HARRAP PUBLISHERS
Date of publication, distribution, etc. c2001
300 ## - PHYSICAL DESCRIPTION
Extent xiv,; 334p.;
942 ## - ADDED ENTRY ELEMENTS (KOHA)
Source of classification or shelving scheme Library of Congress Classification
Koha item type Reference
Suppress in OPAC No
999 ## -
-- 7244
-- 7244
Holdings
Withdrawn status Lost status Source of classification or shelving scheme Damaged status Not for loan Collection Home library Current library Shelving location Date acquired Total checkouts Full call number Barcode Date last seen Copy number Price effective from Koha item type
    Library of Congress Classification     Reference Undergraduate Library (Christ Temple) Undergraduate Library (Christ Temple) General stacks 08/08/2025   PC 2640 HAR ulct00004287 08/08/2025 1 08/08/2025 Reference
© 2023-2024 Copyright: Central University Libraries. All Rights Reserved | Created by: Mahone Tech Office